Tous les dieux rencontrés par Kratos dans les jeux God Of War. - Statistiques

Statistiques générales
  • Ce quiz a été pris 153 fois
  • Le résultat moyen est 17 sur 26
Statistiques - réponses
Première apparition Réponse Fonction % Correct
God Of War (2018) Thor Dieu du tonnerre
96%
God Of War (2005) Hadès Dieu des enfers
95%
God Of War: Ragnarök Odin Roi d'Asgard
95%
God Of War (2005) Zeus Roi des Dieux
95%
God Of War (2005) Poséidon Dieu des océans
93%
God Of War (2005) Arès Dieu de la guerre
88%
God Of War (2005) Athèna Déesse de la sagesse
87%
God Of War (2005) Aphrodite Déesse de l'amour
80%
God Of War III Hermès Dieu messager
77%
God Of War (2018) Freya Déesse de l'amour et ancienne reine des Valkyries
75%
God Of War III Héra Reine des Dieux
74%
God Of War: Chain Of Olympus Hélios Dieu du soleil
68%
God Of War III Héphaistos Dieu forgeron
67%
God Of War (2018) Baldur Dieu Ase
65%
God Of War (2005) Artemis Déesse de la chasse
58%
God Of War (2018) Magni Fils aîné de Thor
53%
God Of War: Chain Of Olympus Perséphone Déesse des enfers
53%
God Of War: Ragnarök Heimdall Dieu gardien
52%
God Of War (2018) Modi Fils cadet de Thor
52%
God Of War: Ghost Of Sparta Thanatos Dieu des morts
42%
God Of War: Ragnarök Týr Dieu du ciel
42%
God Of War: Ragnarök Freyr Dieu Vane
39%
God Of War: Chain Of Olympus Morphée Dieu des rêves
39%
God Of War: Ragnarök Sif Déesse épouse de Thor
36%
God Of War: Ragnarök Thrúd Fille de Thor
29%
God Of War: Chain of Olympus Éos Déesse de l'aurore
14%
Aucun quiz correspondant
Distribution des résultats
% des personnes avec chaque résultat
Percentile par nombre de réponses
Votre historique - résultats
Vous n’avez pas pris ce quiz